000 01041nam a22002897a 4500
001 3053
003 FISKH
005 20240201131852.0
008 240201b cb ||||| |||| 00| 0 eng d
020 _a9781877363740
040 _aFISKH
_beng
_cFISKH
_dFISKH
050 _aPZ7.H6893
082 _a428.6
100 _aHolden, Pam
245 _aGreedy Gus the pirate /
_cby Holden, Pam : illustrated by Whimp, Pauline
250 _aFirst published in 2005
260 _aWellington :
_bFlying Start Books ,
_c2005
300 _a16 pages :
_bcolor illustrations ;
_c21 cm .
490 _aRed Rocket Readers
505 _aO
520 _aThis story is about some bad pirates who were very greedy. They always wanted more money and more food. Some clever animals thought of a good way to teach them a lesson. What do you think the animals did to the greedy pirates?
521 8 _a640
_bLexile
521 8 _aO
_bRaz-Plus
600 _2pirate
_vnon-fiction
700 _aWhimp, Pam
_eillustrator
942 _2ddc
_cBK
_n0
999 _c3053
_d3053